24 'C' List Celebrities Quiz Stats

Quiz Updated Apr 20, 2015

Challenge
Share
Tweet
Score 0/24 Timer 06:00
0 Plays Today
% Correct
Tom Cruise
97%
Bill Cosby
93.2%
Charlie Chaplin
92.1%
Jim Carrey
89.7%
Courteney Cox
84.2%
Daniel Craig
83%
Billy Crystal
74.7%
Macaulay Culkin
73.5%
Chevy Chase
73.5%
Jamie Lee Curtis
73.3%
Miley Cyrus
73%
Alice Cooper
69.8%
% Correct
John Cleese
58.5%
Michael Cera
58.4%
Connie Chung
47.8%
Bob Costas
42.2%
Tracy Chapman
38.2%
David Caruso
37.8%
Roger Clemens
36.9%
Hayden Christensen
21%
Nell Carter
20.4%
Thomas Haden Church
18.2%
James Coburn
18.2%
Kyle Chandler
17.4%

You're not logged in!

Compare scores with friends on all Sporcle quizzes.
Join for Free
OR
Log In

You Might Also Like...

Show Comments

Extras

Top Quizzes Today

Top Quizzes Today in Entertainment

  1. James Who?126
  2. Michael Who?33
  3. Chris Who?29
  4. Tom Who?27

Top Quizzes with Similar Tags


Score Distribution

Your Account Isn't Verified!

In order to create a playlist on Sporcle, you need to verify the email address you used during registration. Go to your Sporcle Settings to finish the process.

Report this User

Report this user for behavior that violates our Community Guidelines.

Details: